Countries with Most Tropical Forest - Statistics

General Stats
  • This quiz has been taken 331 times
  • The average score is 24 of 30
Answer Stats
area country % Correct
481 Brazil
99%
127 Indonesia
98%
177 Democratic Republic of the Congo
95%
75 Peru
94%
67 Colombia
93%
50 Venezuela
92%
43 India
91%
65 Bolivia
90%
24 Republic of the Congo
89%
14 Ecuador
88%
25 Malaysia
87%
16 Thailand
87%
14 Vietnam
86%
18 Guyana
80%
49 Mexico
80%
14 Suriname
80%
42 Myanmar
79%
18 Laos
78%
50 Angola
77%
25 Paraguay
77%
37 Papua New Guinea
75%
17 Tanzania
75%
42 Central African Republic
73%
22 Gabon
71%
31 Zambia
71%
35 Mozambique
70%
30 Cameroon
68%
17 Madagascar
63%
13 Ethiopia
54%
13 Sudan
40%
No matching quizzes found
Score Distribution
Percent of People with Each Score
Percentile by Number Answered
Your Score History
You have not taken this quiz